000 00619nam a2200193Ia 4500
008 151121s9999||||xx |||||||||||||| ||und||
082 _a817 / भावे
082 _bHNW-78118
100 _aभावे राम
245 _aबोल बोलता करोडपती
260 _b"पुष्पक प्रकाशन, पुणे।"
260 _c--
300 _a166
600 _aभावे राम
630 _aबोल बोलता करोडपती
700 _aभावे राम
730 _aबोल बोलता करोडपती
942 _cBOOK
999 _c1259524
_d1259521